Las tierras del cielo (Record no. 54264)

MARC details
000 -LEADER
campo de control de longitud fija 00678nam a2200193 i 4500
001 - NÚMERO DE CONTROL
campo de control 54264
003 - IDENTIFICADOR DE NÚMERO DE CONTROL
campo de control ES-MaACL
005 - FECHA Y HORA DE LA ÚLTIMA TRANSACCIÓN
campo de control 20250721144333.0
007 - CAMPO FIJO DE DESCRIPCIÓN FÍSICA--INFORMACIÓN GENERAL
campo de control de longitud fija t|
008 - DATOS DE LONGITUD FIJA--INFORMACIÓN GENERAL
campo de control de longitud fija 960717s1878 fr |||| | spa d
100 1# - ENTRADA PRINCIPAL--NOMBRE DE PERSONA
Nombre de persona Flammarion, Camille,
Fechas asociadas al nombre 1842-1925
9 (RLIN) 51110
245 14 - MENCIÓN DEL TÍTULO
Título Las tierras del cielo
Resto del título : astronomía popular ... /
Mención de responsabilidad, etc. por Camilo Flammarion; versión española por José Segundo Flórez.
260 ## - PUBLICACIÓN, DISTRIBUCIÓN, ETC.
Lugar de publicación, distribución, etc. París ;
-- México :
Nombre del editor, distribuidor, etc. Librería de Ch. Bouret,
Fecha de publicación, distribución, etc. 1878 (
Fabricante Imp. de E. Martinet)
300 ## - DESCRIPCIÓN FÍSICA
Extensión 555 p. ;
Dimensiones 19 cm.
650 #7 - PUNTO DE ACCESO ADICIONAL DE MATERIA--TÉRMINO DE MATERIA
Término de materia o nombre geográfico como elemento de entrada Astronomía
Fuente del encabezamiento o término embne
9 (RLIN) 10386
700 1# - ENTRADA AGREGADA--NOMBRE PERSONAL
Nombre de persona Flórez, José Segundo.
9 (RLIN) 51306
852 ## - LOCALIZACIÓN
Ubicación ES-MaACL
Número de control de estantería G-10714
Holdings
Estatus retirado Estado de pérdida Estado de daño No para préstamo Colección Biblioteca de origen Biblioteca actual Ubicación en estantería Fecha de adquisición Fuente de adquisición Total de préstamos Signatura topográfica completa Código de barras Visto por última vez Precio de reemplazo Tipo de ítem Koha
        Libros del s. XIX Biblioteca del Ateneo de Madrid Biblioteca del Ateneo de Madrid Sala Pecera Planta 3 17/01/2008     G-10714 1057025 23/02/2023 23/02/2023 Libro impreso antiguo